Test Automation And QTP (Record no. 330628)

MARC details
000 -LEADER
fixed length control field 00435nam a2200169Ia 4500
008 - FIXED-LENGTH DATA ELEMENTS--GENERAL INFORMATION
fixed length control field 230718s9999 xx 000 0 und d
020 ## - INTERNATIONAL STANDARD BOOK NUMBER
International Standard Book Number 9788131764510
041 ## - LANGUAGE CODE
Language code of text/sound track or separate title eng
082 ## - DEWEY DECIMAL CLASSIFICATION NUMBER
Classification number 005.1'4
Item number GUP
100 ## - MAIN ENTRY--PERSONAL NAME
Personal name Gupta R.
9 (RLIN) 108128
245 ## - TITLE STATEMENT
Title Test Automation And QTP
260 ## - PUBLICATION, DISTRIBUTION, ETC. (IMPRINT)
Date of publication, distribution, etc. 2012
Name of publisher, distributor, etc. Pearson
300 ## - PHYSICAL DESCRIPTION
Extent 650
365 ## - TRADE PRICE
Currency code Rs.
Price amount 650.00
700 ## - ADDED ENTRY--PERSONAL NAME
Personal name Gupta R.
9 (RLIN) 108128
906 ## - LOCAL DATA ELEMENT F, LDF (RLIN)
d O:0282902-May-2012B:308518-Apr-2012
c IT
b 390
Holdings
Withdrawn status Lost status Damaged status Not for loan Home library Current library Date acquired Vendor Budget Code Cost, normal purchase price Bill number Total Checkouts Full call number Barcode Date last seen Discount Cost, replacement price Bill Date Koha item type Original Barcode
        Cummins College of Engineering for Women Pune Cummins College of Engineering for Women Pune 02/05/2012 Om Book Stall IT 520.00 3085   005.1'4 CCEP-BK-41835 18/07/2023 390 650.00 18/04/2012 Books 041835